000 00337nam a2200145Ia 4500
008 220923s9999 xx 000 0 und d
082 _bGOU
100 _aGOUR, K.D.
245 0 _aCRIMINAL LAW CASES AND MATERIALS
250 _a7TH
260 _bLEXIS NEXIS, GURGAON
_c2013
300 _a910
650 _aCriminal Law
942 _cBK
999 _c195107
_d195107